[Event "Ter Apel"]
[Site "Ter Apel"]
[Date "1992.??.??"]
[Round "4"]
[White "Vaganian, Rafael A"]
[Black "Epishin, Vladimir"]
[Result "1/2-1/2"]
[WhiteElo "2590"]
[BlackElo "2620"]
[PlyCount "63"]
[EventDate "1992.03.??"]
[Source "ChessBase"]

1. Nf3 Nf6 2. c4 g6 3. g3 Bg7 4. Bg2 c6 5. d4 d5 6. cxd5 cxd5 7. Ne5 O-O 8. Nc3 e6 9. Bg5 Qb6 10. Qd2 Nfd7 11. Be3 Nc6 12. Nxc6 bxc6 13. Rc1 Rb8 14. b3 Qb4 15. O-O c5 16. Rfd1 cxd4 17. Bxd4 Bxd4 18. Qxd4 Qxd4 19. Rxd4 Nb6 20. Rdd1 Bb7 21. e4 dxe4 22. Nxe4 Kg7 23. h4 Rfd8 24. Rxd8 Rxd8 25. Rc7 Rd1+ 26. Kh2 Rd7 27. Rxd7 Nxd7 28. Nd6 Ba6 29. b4 Kf8 30. b5 Ke7 31. Nxf7 Bxb5 32. Ng5 1/2-1/2

[Event "Open Aeroflot"]
[Site "Mosca RUS"]
[Date "2007.02.15"]
[Round "2"]
[White "Drozdovskij, Y."]
[Black "Volokitin, And"]
[Result "1/2-1/2"]
[WhiteElo "2562"]
[BlackElo "2645"]
[PlyCount "62"]
[EventDate "2007.02.14"]
[Source "www.chesslib.no"]
[SourceDate "2004.05.04"]

1. d4 Nf6 2. c4 g6 3. Nf3 Bg7 4. g3 c6 5. Bg2 d5 6. cxd5 cxd5 7. Nc3 Ne4 8. O-O Nc6 9. e3 Nxc3 10. bxc3 Na5 11. Nd2 O-O 12. Ba3 Rb8 13. Qe2 b6 14. Qb5 Bb7 15. Rab1 Re8 16. c4 dxc4 17. Bxb7 Rxb7 18. Bb4 Rc7 19. Bxa5 c3 20. Ne4 bxa5 21. Rfc1 e5 22. d5 a6 23. Qa4 Qd7 24. Qxd7 Rxd7 25. Nxc3 e4 26. Rb6 Bxc3 27. Rxc3 Rxd5 28. Rxa6 Kg7 29. Rc2 Rb8 30. Kg2 Rb4 31. Ra7 h5 1/2-1/2

[Event "Reggio Emilia91 Top15"]
[Site "Reggio Emilia"]
[Date "1991.??.??"]
[Round "?"]
[White "Vaganian, Rafael A"]
[Black "Epishin, Vladimir"]
[Result "1/2-1/2"]
[WhiteElo "2585"]
[BlackElo "2620"]
[PlyCount "47"]
[EventDate "1991.01.??"]
[Source "ChessBase"]

1. Nf3 Nf6 2. c4 g6 3. g3 Bg7 4. Bg2 O-O 5. d4 c6 6. Nc3 d5 7. cxd5 cxd5 8. Ne5 e6 9. Bg5 Qb6 10. Qd2 Nfd7 11. Be3 Nc6 12. Nxc6 bxc6 13. Rc1 Ba6 14. O-O Rfe8 15. b3 Qb4 16. Rfd1 Bf8 17. Bh6 Be7 18. e4 Rac8 19. h4 Bb7 20. Rc2 Red8 21. Bg5 Nb6 22. Ne2 Qxd2 23. Rdxd2 f6 24. Bh6 1/2-1/2

[Event "Reggio Emilia 9596"]
[Site "Reggio Emilia"]
[Date "1996.??.??"]
[Round "9"]
[White "Razuvaev, Yuri S"]
[Black "Azmaiparashvili, Zurab"]
[Result "1/2-1/2"]
[WhiteElo "2585"]
[BlackElo "2620"]
[PlyCount "21"]
[EventDate "1995.01.??"]
[Source "ChessBase"]

1. d4 Nf6 2. c4 g6 3. Nf3 Bg7 4. g3 c6 5. Bg2 d5 6. cxd5 cxd5 7. O-O Ne4 8. Ne5 Nd7 9. Nxd7 Bxd7 10. Nd2 Nxd2 11. Bxd2 1/2-1/2

[Event "WchT 4th"]
[Site "Luzern"]
[Date "1997.10.29"]
[Round "5"]
[White "Irzhanov, Ruslan"]
[Black "Svidler, Peter"]
[Result "0-1"]
[WhiteElo "2535"]
[BlackElo "2660"]
[PlyCount "116"]
[EventDate "1997.10.??"]
[Source "ChessBase"]
[SourceDate "1998.01.31"]

1. d4 Nf6 2. c4 g6 3. Nf3 Bg7 4. g3 d5 5. Bg2 dxc4 6. Qa4+ Nc6 7. Nc3 Nd7 8. Qxc4 Nb6 9. Qb5 a6 10. Qb3 O-O 11. e3 a5 12. O-O a4 13. Qd1 Bg4 14. h3 Be6 15. Kh2 Bc4 16. Re1 e5 17. dxe5 Nxe5 18. Nxe5 Bxe5 19. Bd2 Be6 20. Qc2 Nc4 21. Rad1 c6 22. f4 Bg7 23. e4 Qa5 24. e5 a3 25. b3 Nxd2 26. Rxd2 Rfd8 27. Red1 Bf8 28. Ne4 Rxd2 29. Rxd2 Qb4 30. Rd1 Be7 31. h4 Rd8 32. Rxd8+ Bxd8 33. Ng5 Bf5 34. Qd1 Bb6 35. Bh3 h6 36. Nxf7 Bxh3 37. Nxh6+ Kg7 38. Kxh3 Kxh6 39. Qd7 Bc5 40. Qe8 Bf8 41. h5 Kxh5 42. Qe6 Qe4 43. g4+ Kh6 44. Qg8 Qe3+ 45. Kh4 Be7+ 46. g5+ Bxg5+ 47. fxg5+ Qxg5+ 48. Kh3 Qe3+ 49. Kg4 Qg5+ 50. Kf3 Qf5+ 51. Kg2 Qe4+ 52. Kh3 Qxe5 53. Qf8+ Kg5 54. Qxa3 Kf4 55. Qb4+ Qe4 56. Qd6+ Ke3 57. Qc5+ Ke2 58. Qa5 Qf5+ 0-1

[Event "PCA/Intel-GP"]
[Site "Paris"]
[Date "1994.??.??"]
[Round "1.1"]
[White "Nikolic, Predrag"]
[Black "Tkachiev, Vladislav"]
[Result "1/2-1/2"]
[WhiteElo "2655"]
[BlackElo "2535"]
[PlyCount "43"]
[EventDate "1994.11.??"]
[Source "ChessBase"]

1. d4 Nf6 2. c4 g6 3. Nf3 Bg7 4. g3 d5 5. Bg2 dxc4 6. Na3 c5 7. Qa4+ Nc6 8. Ne5 Nd7 9. Nxc6 bxc6 10. Nxc4 O-O 11. Bxc6 Rb8 12. Bd2 Nb6 13. Nxb6 Qxb6 14. Bf4 Qxb2 15. O-O Rb4 16. Qxa7 Bh3 17. Bg2 Bxg2 18. Kxg2 Qxd4 19. Rac1 Qd5+ 20. Kg1 Rb2 21. Qxe7 Qxa2 22. Qxc5 1/2-1/2

[Event "Griesheim GM"]
[Site "Griesheim"]
[Date "2002.01.24"]
[Round "2"]
[White "Ruck, Robert"]
[Black "Glek, Igor V"]
[Result "1/2-1/2"]
[WhiteElo "2581"]
[BlackElo "2601"]
[PlyCount "55"]
[EventDate "2002.01.23"]
[Source "ChessBase"]
[SourceDate "2002.03.21"]

1. d4 Nf6 2. c4 g6 3. Nf3 Bg7 4. g3 c6 5. Nc3 d5 6. Qb3 O-O 7. Bg2 a5 8. cxd5 Nxd5 9. O-O Nb6 10. Na4 Nxa4 11. Qxa4 Nd7 12. Rd1 Nb6 13. Qc2 a4 14. h3 Be6 15. e4 h6 16. Kh2 Nc8 17. Ne5 Nd6 18. Be3 Kh7 19. Nd3 Nb5 20. Nc5 Bc8 21. e5 Qa5 22. a3 Nc7 23. b4 axb3 24. Qxb3 b6 25. Nd3 Be6 26. Qc2 Bd5 27. Nb4 Rad8 28. Nxd5 1/2-1/2

[Event "EU-chT (Men)"]
[Site "Pula"]
[Date "1997.??.??"]
[Round "2"]
[White "Ftacnik, Lubomir"]
[Black "Lalic, Bogdan"]
[Result "1/2-1/2"]
[WhiteElo "2595"]
[BlackElo "2585"]
[PlyCount "36"]
[EventDate "1997.05.05"]
[Source "ChessBase"]

1. d4 Nf6 2. Nf3 g6 3. c4 Bg7 4. Nc3 d5 5. cxd5 Nxd5 6. g3 c5 7. Bg2 Nc6 8. O-O cxd4 9. Nxd4 Nxc3 10. bxc3 Nxd4 11. cxd4 Qxd4 12. Rb1 O-O 13. Qxd4 Bxd4 14. Bh6 Rd8 15. Bxb7 Rb8 16. Bxc8 Rbxc8 17. Rfc1 Bb6 18. Kg2 f6 1/2-1/2

[Event "GSK"]
[Site "Bonn GSK"]
[Date "1994.??.??"]
[Round "1"]
[White "Romanishin, Oleg M"]
[Black "Glek, Igor V"]
[Result "1/2-1/2"]
[WhiteElo "2590"]
[BlackElo "2590"]
[PlyCount "75"]
[EventDate "1994.??.??"]
[Source "www.chesslib.no"]
[SourceDate "2004.05.04"]

1. d4 Nf6 2. Nf3 g6 3. c4 Bg7 4. Nc3 O-O 5. g3 c6 6. Bg2 d5 7. Qb3 dxc4 8. Qxc4 Be6 9. Qa4 Nbd7 10. O-O Nd5 11. e4 N5b6 12. Qc2 Bg4 13. Rd1 e5 14. dxe5 Qe7 15. h3 Bxf3 16. Bxf3 Nxe5 17. Bg2 Rad8 18. Bf4 Nec4 19. Rxd8 Rxd8 20. Rd1 Rxd1+ 21. Nxd1 Qb4 22. b3 Na3 23. Qd2 Qxd2 24. Bxd2 Nc2 25. f4 Bf8 26. Kf2 Bb4 27. Ke2 Nd4+ 28. Kd3 Nf5 29. Bxb4 a5 30. Be1 f6 31. Bb4 Ng7 32. Nf2 Nc8 33. Ke2 Ne6 34. Bf1 Nc5 35. Be1 Nd6 36. Nd1 Ne6 37. Kf3 Nc5 38. Ke3 1/2-1/2

[Event "Bonn GSK"]
[Site "Bonn"]
[Date "1994.??.??"]
[Round "1"]
[White "Romanishin, Oleg M"]
[Black "Glek, Igor V"]
[Result "1/2-1/2"]
[WhiteElo "2590"]
[BlackElo "2590"]
[PlyCount "75"]
[EventDate "1994.??.??"]
[Source "ChessBase"]

1. d4 Nf6 2. Nf3 g6 3. c4 Bg7 4. Nc3 O-O 5. g3 c6 6. Bg2 d5 7. Qb3 dxc4 8. Qxc4 Be6 9. Qa4 Nbd7 10. O-O Nd5 11. e4 N5b6 12. Qc2 Bg4 13. Rd1 e5 14. dxe5 Qe7 15. h3 Bxf3 16. Bxf3 Nxe5 17. Bg2 Rad8 18. Bf4 Nec4 19. Rxd8 Rxd8 20. Rd1 Rxd1+ 21. Nxd1 Qb4 22. b3 Na3 23. Qd2 Qxd2 24. Bxd2 Nc2 25. f4 Bf8 26. Kf2 Bb4 27. Ke2 Nd4+ 28. Kd3 Bxd2 29. Kxd2 a5 30. Nc3 f6 31. f5 gxf5 32. Kd3 c5 33. exf5 Nxf5 34. g4 Nd6 35. Ne4 Nxe4 36. Bxe4 Nc8 37. Bd5+ Kg7 38. Bxb7 1/2-1/2

[Event "Dubai op"]
[Site "Dubai"]
[Date "2001.04.19"]
[Round "5"]
[White "Vladimirov, Evgeny"]
[Black "Glek, Igor V"]
[Result "1/2-1/2"]
[WhiteElo "2612"]
[BlackElo "2566"]
[PlyCount "84"]
[EventDate "2001.04.15"]
[Source "ChessBase"]
[SourceDate "2001.07.05"]

1. Nf3 Nf6 2. g3 g6 3. Bg2 Bg7 4. c4 c6 5. d4 d5 6. Qb3 a5 7. Bf4 dxc4 8. Qxc4 O-O 9. O-O Be6 10. Qc1 Bd5 11. Rd1 Na6 12. Nc3 Rc8 13. Qb1 Bxf3 14. Bxf3 Nd5 15. Bg5 Nac7 16. Bc1 e5 17. Nxd5 cxd5 18. dxe5 Bxe5 19. Qd3 Qf6 20. Rb1 Rfd8 21. Bd2 b6 22. b4 axb4 23. Bxb4 d4 24. Rdc1 Ne6 25. Rxc8 Rxc8 26. Bd2 Nc5 27. Qb5 d3 28. Kg2 dxe2 29. Qxe2 Bd4 30. h4 h5 31. Bg5 Qd6 32. Rc1 Qd7 33. Rc2 Ne6 34. Bc1 Rxc2 35. Qxc2 Qc7 36. Qc6 Qxc6 37. Bxc6 Nc5 38. f3 Nd3 39. Bd2 Bc5 40. Bb5 Nb4 41. a4 Nd5 42. Kf1 Ne3+ 1/2-1/2

[Event "9th HIT Open"]
[Site "Nova Gorica"]
[Date "2004.02.03"]
[Round "7"]
[White "Kengis, Edvins"]
[Black "Kozul, Zdenko"]
[Result "0-1"]
[WhiteElo "2572"]
[BlackElo "2605"]
[PlyCount "70"]
[EventDate "2004.01.30"]
[Source "Roberto Alvarez"]
[SourceDate "2004.02.09"]

1. Nf3 Nf6 2. c4 g6 3. g3 Bg7 4. Bg2 c6 5. d4 O-O 6. Nc3 d5 7. cxd5 cxd5 8. Ne5 e6 9. Bg5 Qb6 10. Qd2 Nc6 11. Be3 Qa6 12. O-O Ne8 13. Nxc6 Qxc6 14. Rac1 Qd7 15. Bh6 b6 16. Bxg7 Kxg7 17. e4 dxe4 18. Bxe4 Bb7 19. Bxb7 Qxb7 20. d5 Rd8 21. Qd4+ f6 22. Rfe1 e5 23. Qd3 Nd6 24. f4 exf4 25. Ne2 fxg3 26. Nf4 gxh2+ 27. Kxh2 Kg8 28. Ne6 Nf7 29. Rc7 Qb8 30. Qg3 Rxd5 31. Nxf8 Qxf8 32. Qc3 Qh6+ 33. Kg1 Qg5+ 34. Kf1 Qf4+ 35. Ke2 Qh2+ 0-1

[Event "Bundesliga 9798"]
[Site "Germany"]
[Date "1998.??.??"]
[Round "?.1"]
[White "Eingorn, Vereslav S"]
[Black "Ftacnik, Lubomir"]
[Result "1/2-1/2"]
[WhiteElo "2590"]
[BlackElo "2585"]
[PlyCount "44"]
[EventDate "1997.10.??"]
[Source "ChessBase"]
[SourceDate "1999.07.01"]

1. d4 Nf6 2. Nf3 g6 3. c4 Bg7 4. g3 d5 5. cxd5 Nxd5 6. Bg2 Nb6 7. O-O Nc6 8. e3 e5 9. Nc3 exd4 10. exd4 O-O 11. Bg5 f6 12. Be3 Ne7 13. Re1 c6 14. Ne4 Nbd5 15. Bd2 Nf5 16. Nc5 Re8 17. Rc1 Rxe1+ 18. Qxe1 Qe7 19. Qf1 Nd6 20. Qd3 Qf7 21. a4 Bf5 22. Qb3 Re8 1/2-1/2

[Event "Calvia (ol)"]
[Site "?"]
[Date "2004.??.??"]
[Round "?"]
[White "Izoria, Z."]
[Black "Kovalev, An"]
[Result "1-0"]
[WhiteElo "2600"]
[BlackElo "2575"]
[PlyCount "89"]
[EventDate "2004.??.??"]
[Source "Chess Informant"]
[SourceDate "2004.10.01"]

1. d4 Nf6 2. c4 g6 3. Nf3 Bg7 4. g3 O-O 5. Bg2 c6 6. Nc3 d5 7. Qb3 dxc4 8. Qxc4 a5 9. O-O Bf5 10. e3 Qc8 11. Ne5 Bh3 12. e4 Bxg2 13. Kxg2 b5 14. Qe2 Nbd7 15. Rd1 a4 16. Nd3 Nb6 17. Bg5 Rd8 18. Rac1 Qb7 19. Nc5 Qa7 20. Qf3 Rac8 21. b3 h6 22. Bxf6 exf6 23. Ne2 axb3 24. axb3 Qe7 25. g4 Nd7 26. Nxd7 Rxd7 27. Ng3 Qb4 28. d5 c5 29. h4 c4 30. bxc4 Rxc4 31. h5 Qc5 32. Ne2 Re7 33. Rxc4 bxc4 34. hxg6 fxg6 35. Nf4 Kh7 36. d6 Rd7 37. Rd5 Qc6 38. e5 fxe5 39. Nxg6 Rxd6 40. Ne7 Qd7 41. Rxd6 Qxe7 42. Qf5+ Kg8 43. Rd7 Qe8 44. Rc7 Bf8 45. Qh7# 1-0

[Event "Gorenje GM"]
[Site "Valjevo SRB"]
[Date "2007.06.16"]
[Round "4"]
[White "Stojanovic, Mih"]
[Black "Damljanovic, B."]
[Result "1/2-1/2"]
[WhiteElo "2588"]
[BlackElo "2585"]
[PlyCount "27"]
[EventDate "2007.06.13"]
[Source "www.chesslib.no"]
[SourceDate "2004.05.04"]

1. Nf3 Nf6 2. c4 g6 3. Nc3 Bg7 4. g3 c5 5. d4 cxd4 6. Nxd4 d5 7. cxd5 Nxd5 8. Bg2 Nxc3 9. bxc3 O-O 10. O-O Nd7 11. Rb1 Nb6 12. Bg5 h6 13. Be3 Nd5 14. Bd2 1/2-1/2

[Event "Yerevan zt 1.5"]
[Site "Yerevan"]
[Date "2000.06.13"]
[Round "7"]
[White "Ilincic, Zlatko"]
[Black "Vaganian, Rafael A"]
[Result "1/2-1/2"]
[WhiteElo "2554"]
[BlackElo "2618"]
[PlyCount "95"]
[EventDate "2000.06.07"]
[Source "ChessBase"]
[SourceDate "2000.10.18"]

1. d4 Nf6 2. c4 g6 3. g3 c6 4. Bg2 d5 5. cxd5 cxd5 6. Nf3 Bg7 7. O-O Ne4 8. Nc3 Nc6 9. Nxe4 dxe4 10. Ng5 Qxd4 11. Nxe4 O-O 12. Qxd4 Nxd4 13. Nc3 Bg4 14. e3 Ne2+ 15. Nxe2 Bxe2 16. Bxb7 Bxf1 17. Bxa8 Be2 18. Bd5 e6 19. Bb3 Rd8 20. Kg2 a5 21. h4 Bb5 22. a4 Bd3 23. Bd1 f5 24. Kg1 Kf7 25. Ra3 Bc4 26. Bc2 Rc8 27. Bd1 Ba6 28. Ra1 Bd3 29. Bf3 Rc2 30. Bd1 Rc5 31. Bb3 Rc8 32. Bd1 h6 33. f4 g5 34. hxg5 hxg5 35. Bh5+ Ke7 36. fxg5 Be4 37. Be2 Rh8 38. Kf2 Be5 39. Bf3 Kf7 40. Bxe4 fxe4 41. Ra2 Rh2+ 42. Ke1 Rh1+ 43. Kd2 Bd6 44. Kc2 Bb4 45. b3 Kg6 46. Ba3 Rh2+ 47. Kb1 Rh1+ 48. Kc2 1/2-1/2

[Event "ISR-chT"]
[Site "Israel"]
[Date "1999.03.26"]
[Round "5"]
[White "Golod, Vitali"]
[Black "Alterman, Boris"]
[Result "1/2-1/2"]
[WhiteElo "2554"]
[BlackElo "2616"]
[PlyCount "26"]
[EventDate "1999.01.??"]
[Source "www.chesslib.no"]
[SourceDate "2004.05.04"]

1. d4 Nf6 2. c4 g6 3. Nf3 Bg7 4. g3 d5 5. Bg2 dxc4 6. Na3 Nbd7 7. Nxc4 Nb6 8. Nce5 O-O 9. O-O c6 10. Nd3 a5 11. Nc5 Nbd7 12. Nd3 Nb6 13. Nc5 Nbd7 1/2-1/2

[Event "VIII Dos Hermanas Internet"]
[Site "ICC INT"]
[Date "2007.03.23"]
[Round "1.1"]
[White "Babujian, L."]
[Black "Mamedyarov, S."]
[Result "0-1"]
[WhiteElo "2416"]
[BlackElo "2754"]
[PlyCount "128"]
[EventDate "2007.03.23"]
[Source "www.chesslib.no"]
[SourceDate "2004.05.04"]

1. d4 Nf6 2. c4 g6 3. Nc3 Bg7 4. Nf3 O-O 5. g3 c6 6. Bg2 d5 7. Qb3 dxc4 8. Qxc4 Be6 9. Qd3 Na6 10. O-O Qb6 11. a3 Rfd8 12. b4 Nd5 13. Na4 Qb5 14. Qxb5 cxb5 15. Nc5 Nxc5 16. bxc5 b6 17. cxb6 Nxb6 18. Bg5 Kf8 19. Rfb1 a6 20. Bf4 Rac8 21. e3 h6 22. h4 f6 23. e4 g5 24. Be3 Nc4 25. d5 Bd7 26. Bd4 e6 27. Ne1 Kf7 28. Bf3 Nd2 29. Bh5+ Ke7 30. Rb2 Nxe4 31. Re2 Nc5 32. dxe6 Bxe6 33. Nf3 g4 34. Bxg4 Kf7 35. Bh5+ Kg8 36. Bxc5 Rxc5 37. Rxe6 Rxh5 38. Rxa6 Rf5 39. Kg2 Rd3 40. Ng1 Bf8 41. a4 b4 42. a5 Rd2 43. Nh3 Bc5 44. Rf1 b3 45. Ra8+ Kf7 46. Rb8 b2 47. Nf4 Bd6 48. Rb7+ Kg8 49. Ne6 Rxa5 50. Rb1 Be5 51. Nf4 Ra1 52. R1xb2 Rxb2 53. Rd7 Bxf4 54. gxf4 Raa2 55. Kg3 f5 56. Rd5 Rxf2 57. Rxf5 Rg2+ 58. Kf3 Rg7 59. Rc5 Ra3+ 60. Ke4 Ra4+ 61. Ke5 Re7+ 62. Kf6 Rf7+ 63. Kg6 Raxf4 64. Rc6 Rf8 0-1

[Event "Vrbas"]
[Site "Vrbas"]
[Date "1977.??.??"]
[Round "10"]
[White "Ribli, Zoltan"]
[Black "Smejkal, Jan"]
[Result "1/2-1/2"]
[WhiteElo "2595"]
[BlackElo "2575"]
[PlyCount "74"]
[EventDate "1977.05.??"]
[Source "ChessBase"]

1. d4 Nf6 2. c4 g6 3. Nf3 Bg7 4. g3 O-O 5. Bg2 c6 6. Nc3 d5 7. Qb3 dxc4 8. Qxc4 Nbd7 9. O-O Nb6 10. Qd3 Nfd5 11. Rd1 a5 12. e4 Nb4 13. Qe2 Be6 14. Bf4 a4 15. d5 cxd5 16. Qb5 Na6 17. exd5 Bd7 18. Qe2 a3 19. Nd4 axb2 20. Qxb2 Bg4 21. f3 Bc8 22. Qf2 Nxd5 23. Ndb5 e6 24. Rac1 Qa5 25. Nxd5 exd5 26. Nd6 Nb4 27. h4 Nxa2 28. Rc5 Qa4 29. Rdxd5 Nc3 30. Rd3 Qb4 31. Bf1 Be6 32. Bd2 Ra3 33. Nb5 Qxb5 34. Rxb5 Nxb5 35. Rxa3 Nxa3 36. Qb6 Nc2 37. Qxb7 h5 1/2-1/2

[Event "VIII Dos Hermanas Internet"]
[Site "ICC INT"]
[Date "2007.03.23"]
[Round "1.3"]
[White "Babujian, L."]
[Black "Mamedyarov, S."]
[Result "1/2-1/2"]
[WhiteElo "2416"]
[BlackElo "2754"]
[PlyCount "100"]
[EventDate "2007.03.23"]
[Source "www.chesslib.no"]
[SourceDate "2004.05.04"]

1. d4 Nf6 2. c4 g6 3. Nc3 Bg7 4. Nf3 O-O 5. g3 c6 6. Bg2 d5 7. Qb3 dxc4 8. Qxc4 Be6 9. Qd3 Qb6 10. O-O Na6 11. a3 Rfd8 12. b4 Nd5 13. Nxd5 Bxd5 14. e3 e5 15. e4 Be6 16. Bg5 Rd7 17. Qe3 exd4 18. Qf4 Qc7 19. e5 Bd5 20. Bh3 Be6 21. Bxe6 fxe6 22. Qg4 Re8 23. h4 Bxe5 24. Rae1 Bg7 25. Rxe6 Rxe6 26. Qxe6+ Rf7 27. Bf4 Qd7 28. Qc4 h6 29. Re1 Kh7 30. Rd1 Rxf4 31. Ne1 Qf7 32. Qd3 Rf5 33. Ng2 Rxf2 34. h5 Rxg2+ 35. Kxg2 Qd5+ 36. Kg1 Qxh5 37. Re1 Nc7 38. Re7 Nd5 39. Rxb7 Qe5 40. Rxa7 Ne3 41. Kf2 Qf6+ 42. Ke1 Qe5 43. Kd2 Qxg3 44. a4 Qf2+ 45. Qe2 Nc4+ 46. Kd3 Nb2+ 47. Kd2 Nc4+ 48. Kd3 Nb2+ 49. Kd2 Nc4+ 50. Kd3 Nb2+ 1/2-1/2

[Event "XX Open"]
[Site "Benidorm SPA"]
[Date "2007.05.01"]
[Round "10"]
[White "Gagunashvili, M."]
[Black "Jankovic, A."]
[Result "1/2-1/2"]
[WhiteElo "2625"]
[BlackElo "2541"]
[PlyCount "28"]
[EventDate "2007.04.23"]
[Source "www.chesslib.no"]
[SourceDate "2004.05.04"]

1. d4 Nf6 2. c4 g6 3. Nf3 Bg7 4. g3 d5 5. Bg2 dxc4 6. Qa4+ Nfd7 7. Qxc4 Nc6 8. e3 e5 9. Qe2 Nb6 10. Nxe5 Nxe5 11. dxe5 Bxe5 12. Qb5+ Nd7 13. O-O O-O 14. e4 c6 1/2-1/2

[Event "Cap d'Agde-B"]
[Site "Cap d'Agde"]
[Date "1998.10.26"]
[Round "4"]
[White "Adianto, Utut"]
[Black "Bacrot, Etienne"]
[Result "1-0"]
[WhiteElo "2610"]
[BlackElo "2555"]
[PlyCount "75"]
[EventDate "1998.10.??"]
[Source "www.chesslib.no"]
[SourceDate "2004.05.04"]

1. d4 Nf6 2. c4 g6 3. Nf3 Bg7 4. g3 d5 5. Bg2 dxc4 6. O-O c5 7. Qa4+ Nc6 8. dxc5 O-O 9. Qxc4 Be6 10. Qh4 h5 11. Nc3 Qa5 12. Ng5 Bf5 13. Qc4 Rac8 14. Bf4 Nh7 15. Nxh7 Kxh7 16. Rac1 Be6 17. Bd5 Bxd5 18. Qxd5 Qb4 19. Ne4 Qxb2 20. Rb1 Qxe2 21. Rxb7 e6 22. Ng5+ Kg8 23. Qd7 Ne5 24. Bxe5 Qxe5 25. Nxf7 Qf6 26. Nd6 Rcd8 27. Qc7 Qd4 28. Qe7 Kh7 29. Rxa7 Rb8 30. Ne4 Kh6 31. c6 Rbe8 32. Qg5+ Kh7 33. Qe3 Qb2 34. Ng5+ Kh8 35. Qe4 Qf6 36. h4 Rb8 37. Qxe6 Qd4 38. Qxg6 1-0

[Event "HB Global Chess Challenge"]
[Site "?"]
[Date "2005.05.19"]
[Round "3.22"]
[White "Filippov Valerij"]
[Black "Bonin Jay R"]
[Result "1-0"]
[WhiteElo "2732"]
[BlackElo "2431"]
[PlyCount "79"]
[EventDate "2005.??.??"]
[Source "www.chesslib.no"]
[SourceDate "2004.05.04"]

1. Nf3 Nf6 2. c4 g6 3. d4 Bg7 4. g3 O-O 5. Bg2 c6 6. Nc3 d5 7. Qb3 dxc4 8. Qxc4 Nd5 9. O-O Nb6 10. Qd3 Bf5 11. e4 Bg4 12. Rd1 Na6 13. h3 Nb4 14. Qe2 Bxf3 15. Bxf3 e5 16. dxe5 Qe7 17. Bg2 Qxe5 18. Bf4 Qe6 19. Bd6 a5 20. Bxf8 Rxf8 21. Bf1 Re8 22. a3 Na6 23. Qe3 Nc4 24. Bxc4 Qxc4 25. Rac1 Qb3 26. Rd2 a4 27. Rcd1 Bf6 28. Rd6 Be7 29. Rd7 b6 30. Qd4 Bf8 31. Qxa4 Qxb2 32. Qc4 Be7 33. Qxc6 Nb8 34. R7d2 Nxc6 35. Rxb2 Bxa3 36. Rxb6 Ne5 37. Kg2 Rc8 38. Rb3 Bc5 39. Rd5 Ra8 40. Nb5 1-0

[Event "4th IECC"]
[Site "Istanbul"]
[Date "2003.06.06"]
[Round "7"]
[White "Kempinski, Robert"]
[Black "Dolmatov, Sergey"]
[Result "1/2-1/2"]
[WhiteElo "2553"]
[BlackElo "2606"]
[PlyCount "50"]
[EventDate "2003.05.30"]
[Source "Roberto Alvarez"]
[SourceDate "2003.06.23"]

1. d4 Nf6 2. c4 g6 3. g3 c6 4. Nf3 Bg7 5. Bg2 d5 6. b3 O-O 7. O-O dxc4 8. bxc4 c5 9. e3 Nc6 10. Bb2 Qb6 11. Qe2 Ne4 12. Nc3 Nxc3 13. Bxc3 cxd4 14. exd4 Nxd4 15. Bxd4 Bxd4 16. Rab1 Qf6 17. Nxd4 Qxd4 18. Bxb7 Rb8 19. Qxe7 Bxb7 20. Rxb7 Rxb7 21. Qxb7 Qxc4 22. Qe7 Qd5 23. Re1 h5 24. h4 Kg7 25. Qe3 Rd8 1/2-1/2

[Event "4. IECC"]
[Site "?"]
[Date "2003.06.06"]
[Round "7"]
[White "Kempinski Robert"]
[Black "Dolmatov Sergey"]
[Result "1/2-1/2"]
[WhiteElo "2553"]
[BlackElo "2606"]
[PlyCount "101"]
[EventDate "2003.??.??"]
[Source "www.chesslib.no"]
[SourceDate "2004.05.04"]

1. d4 Nf6 2. c4 g6 3. g3 c6 4. Nf3 Bg7 5. Bg2 d5 6. b3 O-O 7. O-O dxc4 8. bxc4 c5 9. e3 Nc6 10. Bb2 Qb6 11. Qe2 Ne4 12. Nc3 Nxc3 13. Bxc3 cxd4 14. exd4 Nxd4 15. Bxd4 Bxd4 16. Rab1 Qf6 17. Nxd4 Qxd4 18. Bxb7 Rb8 19. Qxe7 Bxb7 20. Rxb7 Rxb7 21. Qxb7 Qxc4 22. Qxa7 Qd5 23. Rb1 h5 24. h4 Kg7 25. Qa3 Ra8 26. Qb2+ Kh7 27. Qb3 Qf5 28. Re1 Ra7 29. a4 Qg4 30. Ra1 Qe4 31. Qa2 Qf5 32. a5 Ra6 33. Qd2 Qe5 34. Ra3 Kg7 35. Qa2 Qf5 36. Qc4 Qf6 37. Kg2 Rc6 38. Qf1 Rc2 39. Rf3 Qc6 40. Qa1+ f6 41. Qa3 Rc5 42. Kh2 Qc7 43. Qb2 Rxa5 44. Rxf6 Qe5 45. Qxe5 Rxe5 46. Rc6 Rf5 47. Kg2 Rf7 48. Rc3 Kg8 49. Re3 Rf5 50. Rf3 Ra5 51. Kh2 1/2-1/2

[Event "Bled op"]
[Site "Bled"]
[Date "1999.03.23"]
[Round "4"]
[White "Romanishin, Oleg M"]
[Black "Kozul, Zdenko"]
[Result "1-0"]
[WhiteElo "2572"]
[BlackElo "2585"]
[PlyCount "97"]
[EventDate "1999.03.20"]
[Source "ChessBase"]
[SourceDate "1999.05.10"]

1. d4 Nf6 2. Nf3 g6 3. g3 Bg7 4. Bg2 d5 5. c4 dxc4 6. Qa4+ Nfd7 7. Nbd2 c5 8. dxc5 Nc6 9. Nxc4 Nxc5 10. Qa3 Na6 11. Be3 Be6 12. Rc1 Qd5 13. O-O Qb5 14. b3 O-O 15. Ng5 Bd5 16. Ne4 Rfd8 17. Rfd1 Nab4 18. Rd2 f5 19. Ng5 Bxg2 20. Kxg2 h6 21. Nf3 g5 22. Rcd1 Rxd2 23. Rxd2 Bc3 24. Rd1 Bf6 25. Rd2 Rc8 26. Qc1 Nd5 27. a4 Nxe3+ 28. Nxe3 Qxb3 29. Nxf5 Qe6 30. Qb1 g4 31. N3d4 Nxd4 32. Nxd4 Qd5+ 33. e4 Qd7 34. Qa2+ Kh8 35. Nf5 Qc6 36. Re2 Qc1 37. Ne3 Bg7 38. Nxg4 Qc4 39. h4 a6 40. Nh2 b5 41. axb5 Qxb5 42. Rd2 e5 43. Qe6 Ra8 44. Ng4 Qb4 45. Rd5 Qc3 46. Qe7 Rf8 47. Nxe5 Kg8 48. Qe6+ Kh7 49. Rd7 1-0

[Event "Ljubljana op"]
[Site "Ljubljana"]
[Date "1997.??.??"]
[Round "7"]
[White "Romanishin, Oleg M"]
[Black "Palac, Mladen"]
[Result "1/2-1/2"]
[WhiteElo "2555"]
[BlackElo "2595"]
[PlyCount "24"]
[EventDate "1997.??.??"]
[Source "www.chesslib.no"]
[SourceDate "2004.05.04"]

1. d4 Nf6 2. Nf3 g6 3. g3 Bg7 4. Bg2 d5 5. c4 dxc4 6. Qa4+ Nfd7 7. Nbd2 c5 8. dxc5 Nc6 9. Qxc4 Qa5 10. O-O Nxc5 11. Ne4 Nxe4 12. Qxe4 O-O 1/2-1/2

[Event "Los Angeles"]
[Site "?"]
[Date "1999.??.??"]
[Round "?"]
[White "Wojtkiewicz, A."]
[Black "Ftacnik, L."]
[Result "0-1"]
[WhiteElo "2565"]
[BlackElo "2585"]
[PlyCount "150"]
[EventDate "1999.??.??"]
[Source "Chess Informant"]
[SourceDate "1999.06.01"]

1. d4 Nf6 2. c4 g6 3. Nf3 Bg7 4. g3 d5 5. Bg2 dxc4 6. Na3 O-O 7. Nxc4 Nc6 8. b3 Be6 9. Bb2 Bd5 10. Rc1 a5 11. a3 Ne8 12. O-O Nd6 13. Ncd2 Ne4 14. Nxe4 Bxe4 15. e3 Re8 16. Re1 Qd6 17. Bf1 e5 18. Nd2 exd4 19. Nxe4 Rxe4 20. Bg2 Re6 21. Bxc6 bxc6 22. Bxd4 Bxd4 23. Qxd4 Qxa3 24. Rc3 Rd6 25. Qe4 a4 26. Qc2 axb3 27. Rxb3 Qa5 28. Rc1 Rad8 29. Rc3 Qh5 30. Qe4 Rd2 31. R3c2 Qe2 32. Rxd2 Rxd2 33. Qe8+ Kg7 34. Qe5+ Kf8 35. Qf4 Rd1+ 36. Rxd1 Qxd1+ 37. Kg2 Qd5+ 38. e4 Qd4 39. g4 c5 40. f3 Qd6 41. e5 Qd5 42. Kg3 c4 43. Qf6 c3 44. e6 Qxe6 45. Qxc3 Qd6+ 46. Kg2 c5 47. Qh8+ Ke7 48. Qxh7 Qd2+ 49. Kg3 Qe1+ 50. Kg2 Qe2+ 51. Kg3 Qe5+ 52. Kg2 c4 53. Qh4+ Ke8 54. Qf2 c3 55. Kf1 Kf8 56. Qe2 Qc5 57. Qc2 Qe3 58. Qe2 Qc1+ 59. Qe1 Qc2 60. h4 Qd3+ 61. Kf2 c2 62. Qb4+ Kg7 63. Qb2+ Kh7 64. Qc1 Qc3 65. Kg3 Qc4 66. Kf2 f5 67. gxf5 gxf5 68. Ke3 Qc3+ 69. Kf4 Kg6 70. Qg1+ Kh7 71. Kxf5 Qxf3+ 72. Ke5 Qc3+ 73. Kf5 Qc8+ 74. Kf6 Qf8+ 75. Ke5 Qg7+ 0-1